000 00487nam a2200181Ia 4500
001 24891
003 IN-NITTTR
005 20251114233317.0
008 251113s9999||||xx |||||||||||||| ||eng||
040 _beng
040 _cIN-NITTTR
041 _aeng
082 _a361.3 N75H R
100 _aNorlin, Julia M.
245 0 _aHuman behavior and the social environment :
_b social systems theory. /
_cNorlin, Julia M., Chess, Wayne A.
700 _a Chess, Wayne A.
942 _2ddc
_cBK
999 _c27520
_d27520